[Event "20th Mukachevo Rating 2013"]
[Site "Mukachevo UKR"]
[Date "2013.11.08"]
[Round "6.1"]
[White "Polyakov,M"]
[Black "Terletsky,O"]
[Result "1-0"]
[WhiteElo "2403"]
[BlackElo "2276"]

1.d4 Nf6 2.c4 g6 3.Nc3 Bg7 4.e4 d6 5.Nf3 O-O 6.Be2 e5 7.O-O Nc6 8.d5 Ne7
9.b4 Nh5 10.g3 f5 11.Ng5 Nf6 12.Bf3 fxe4 13.Ncxe4 Nf5 14.Bg2 Nxe4 15.Nxe4 a5
16.bxa5 Rxa5 17.a4 b6 18.Bd2 Ra8 19.a5 bxa5 20.c5 dxc5 21.Bg5 Qe8 22.d6 Ra7
23.Qd5+ Qf7 24.Qxc5 cxd6 25.Nxd6 Qd7 26.Nb5 Ra6 27.Nc7 Rd6 28.Nb5 Ra6 29.Nc7 Rd6
30.Rxa5 Nd4 31.Ra7 Rc6 32.Qa5 Nf3+ 33.Kh1 Qd3 34.Qd5+ Qxd5 35.Nxd5 Kh8 36.Be7 Rf7
37.Ra8 Nd4 38.Ne3 Rc7 39.Bd6 Bf8 40.Bxe5+ Kg8  1-0

[Event "TCh-SVK Ext 2013-14"]
[Site "Trencin SVK"]
[Date "2013.11.09"]
[Round "1.3"]
[White "Czebe,A"]
[Black "Hausner,I"]
[Result "1-0"]
[WhiteElo "2458"]
[BlackElo "2378"]

1.Nf3 Nf6 2.c4 g6 3.Nc3 Bg7 4.e4 d6 5.d4 O-O 6.Be2 e5 7.O-O Nc6 8.d5 Ne7
9.Qc2 Nd7 10.Be3 h6 11.Nd2 f5 12.f3 f4 13.Bf2 g5 14.b4 Nf6 15.c5 g4 16.cxd6 cxd6
17.Nb5 g3 18.hxg3 fxg3 19.Bxg3 Nh5 20.Bh2 Ng6 21.Rf2 Ngf4 22.Nf1 Nxe2+ 23.Qxe2 Qb6
24.a4 Bd7 25.Rb1 a6 26.Na3 Rac8 27.a5 Qd8 28.Nc4 Bb5 29.Nfe3 Nf4 30.Qf1 Qg5
31.Kh1 Nh5 32.Rc2 Ng3+ 33.Bxg3 Qxg3 34.Qe1 Qg6 35.Rbc1 Rcd8 36.Nf5 Rxf5 37.exf5 Qxf5
38.Qh4 Bf6 39.Qxh6 Bg5 40.Qh5 Be8 41.Nxd6 Bxh5 42.Nxf5 Bg6 43.Ng3 Bxc2 44.Rxc2 Rxd5
45.Ne4 Be7 46.Rc8+ Kf7 47.Rc7 Rd1+ 48.Kh2 Rb1 49.Rxb7 Rxb4 50.Nd6+  1-0

[Event "TCh-CZE Vychod 2013-14"]
[Site "Czech Rep CZE"]
[Date "2013.11.10"]
[Round "2.2"]
[White "Polak,T"]
[Black "Lanc,A"]
[Result "1-0"]
[WhiteElo "2502"]
[BlackElo "2355"]

1.d4 Nf6 2.c4 g6 3.Nc3 Bg7 4.e4 d6 5.Nf3 O-O 6.Be2 e5 7.O-O Nc6 8.d5 Ne7
9.b4 Nh5 10.Re1 f5 11.Ng5 Nf6 12.Bf3 c6 13.Bb2 h6 14.Ne6 Bxe6 15.dxe6 fxe4
16.Nxe4 Nxe4 17.Rxe4 Rf6 18.c5 Rxe6 19.cxd6 Qxd6 20.Qb3 Nd5 21.b5 Kh7 22.Rd1 Rd8
23.h4 Ree8 24.h5 g5 25.Qa4 Qc5 26.bxc6 bxc6 27.Rc4 Qb5 28.Qc2+ Kh8 29.Rxc6 Nb4
30.Rxd8 Rxd8 31.Qb3 a5 32.Rc7 Qe8 33.a3 Nd3 34.Bc3 Nf4 35.Qf7 Qxf7 36.Rxf7 Rd3
37.Rc7 Kg8 38.Kh2 Ne6 39.Rc6 Kf7  1-0

[Event "Chinese Teams 2013"]
[Site "Shijiazhuang CHN"]
[Date "2013.11.11"]
[Round "15.1"]
[White "Li Xueyi"]
[Black "Wang Jue"]
[Result "0-1"]
[WhiteElo "2139"]
[BlackElo "2379"]

1.d4 Nf6 2.c4 g6 3.Nc3 Bg7 4.e4 d6 5.Nf3 O-O 6.Be2 e5 7.O-O Nc6 8.d5 Ne7
9.b4 Nh5 10.g3 a5 11.bxa5 Rxa5 12.a4 c5 13.dxc6 bxc6 14.Qd2 Nf6 15.Rd1 d5
16.Ba3 d4 17.Bb4 Ra7 18.Nxe5 Nd7 19.Bxe7 dxc3 20.Qe3 Qxe7 21.Nxc6 Qc5 22.Nxa7 c2
23.Nxc8 cxd1=Q+ 24.Rxd1 Qxc8 25.c5 Ne5 26.Rd6 Qc7 27.Bb5 Rc8 28.Rd5 Ng4 29.Qc1 Nf6
30.Rd4 Qe5 31.Rc4 Nxe4 32.c6 Nc3 33.Qe3 Qxe3 34.fxe3 Nd5 35.Ba6 Rc7 36.Bb7 Nb6
37.Rb4 Nc8 38.a5 Na7 39.a6 Bf8 40.Rc4 Bd6 41.Kf2 Kf8 42.Kf3 Ke7 43.Re4+ Kf6
44.Rc4 Ke6 45.e4 Re7 46.Rc1 Bc7 47.Rd1 Re8 48.Rd7 Bb6 49.Rd2 Rd8 50.Rc2 Bc7
51.Ke3 h5 52.Rb2 g5 53.Rc2 g4 54.Rb2 h4 55.gxh4 Rh8 56.Rd2 Rxh4 57.Rd7 Be5
58.Ba8 Rh3+ 59.Kf2 Rxh2+ 60.Kg1 Rc2 61.Bb7 g3 62.Rd3 Bc7  0-1

[Event "23rd World Seniors 2013"]
[Site "Opatija CRO"]
[Date "2013.11.12"]
[Round "1.14"]
[White "Kakageldyev,A"]
[Black "Stull,N"]
[Result "1-0"]
[WhiteElo "2384"]
[BlackElo "2075"]

1.d4 Nf6 2.c4 g6 3.Nc3 Bg7 4.e4 d6 5.Nf3 O-O 6.Be2 e5 7.O-O Nc6 8.Be3 h6
9.h3 exd4 10.Nxd4 Re8 11.Nxc6 bxc6 12.Bf3 Bb7 13.Qb3 Qc8 14.Rfe1 a5 15.c5 a4
16.Nxa4 d5 17.exd5 cxd5 18.Bd4 Bc6 19.Nc3 Ne4 20.Bxg7 Nxc5 21.Rxe8+ Qxe8
22.Qd1  1-0

[Event "Chinese Teams 2013"]
[Site "Shijiazhuang CHN"]
[Date "2013.11.14"]
[Round "18.4"]
[White "Nguyen Ngoc Truong Son"]
[Black "Wen Yang"]
[Result "1/2-1/2"]
[WhiteElo "2614"]
[BlackElo "2585"]

1.d4 Nf6 2.c4 g6 3.Nc3 Bg7 4.e4 d6 5.Nf3 O-O 6.Be2 e5 7.O-O Nc6 8.d5 Ne7
9.b4 Nh5 10.g3 f5 11.Ng5 Nf6 12.f3 f4 13.b5 fxg3 14.hxg3 Nh5 15.Kf2 h6 16.Ne6 Bxe6
17.dxe6 Qc8 18.c5 Qxe6 19.Qb3 Qxb3 20.axb3 dxc5 21.Be3 b6 22.Bc4+ Kh7 23.Nd5 Nxd5
24.Bxd5 Rac8 25.Bb7 Rcd8 26.Rxa7 Nf6 27.Ke2 Rf7 28.g4 g5 29.Rd1 Rxd1 30.Kxd1 Bf8
31.Bc6 Kg7 32.Ke2 Bd6  1/2-1/2

[Event "Chinese Teams 2013"]
[Site "Shijiazhuang CHN"]
[Date "2013.11.14"]
[Round "18.1"]
[White "Li Shilong"]
[Black "Ding Liren"]
[Result "0-1"]
[WhiteElo "2523"]
[BlackElo "2711"]

1.d4 Nf6 2.c4 g6 3.Nc3 Bg7 4.e4 d6 5.Nf3 O-O 6.Be2 e5 7.O-O Nc6 8.d5 Ne7
9.b4 Nh5 10.g3 a5 11.bxa5 Rxa5 12.a4 f5 13.Ba3 Nf6 14.Nd2 b6 15.Bd3 f4 16.Bb4 Ra8
17.Nb5 Bh3 18.Re1 Ng4 19.Nf3 Qd7 20.Ra2 Bh6 21.Bf1 Bxf1 22.Rxf1 Rf7 23.Ra3 Nf6
24.Re1 Raf8 25.Kg2 Nh5 26.Rh1 Nf6 27.Re1 g5 28.gxf4 Qg4+ 29.Kh1 Qxf4 30.Bd2 Nxe4
31.Bxf4 Nxf2+ 32.Kg2 Nxd1 33.Bc1 Ng6 34.Rxd1 Rxf3 35.Nxc7 Rf2+ 36.Kg1 Rc2
37.Rh3 Nh4 38.Rxh4 gxh4 39.Bxh6 Rff2 40.h3 Rg2+ 41.Kf1 Rh2 42.Kg1 Rcg2+ 43.Kf1 Rg6
44.Be3 Rh1+ 45.Ke2 Rg2+ 46.Kf3 Rg3+ 47.Ke2 Rxd1 48.Kxd1 Rxe3 49.Nb5 Rxh3
50.Nxd6 Re3 51.Nf5 h3 52.Nh6+ Kf8 53.Ng4 Re4  0-1

[Event "TCh-AUT 2nd Mitte 2013-14"]
[Site "Grieskirchen AUT"]
[Date "2013.11.16"]
[Round "4.4"]
[White "Lentrodt,T"]
[Black "Kaspret,G"]
[Result "1-0"]
[WhiteElo "2252"]
[BlackElo "2301"]

1.d4 Nf6 2.c4 d6 3.Nf3 g6 4.Nc3 Bg7 5.e4 O-O 6.Be2 e5 7.O-O Nc6 8.d5 Ne7
9.Ne1 Ne8 10.Nd3 f5 11.f3 Kh8 12.Be3 Ng8 13.Qd2 f4 14.Bf2 g5 15.g4 h5 16.h3 Nh6
17.Kg2 Qf6 18.Bg1 Rf7 19.Nf2 hxg4 20.hxg4 Bf8 21.Qd3 c5 22.Rfb1 Be7 23.a3 Bd8
24.Kf1 Rh7 25.Ke1 Nc7 26.b4 Na6 27.b5 Nb8 28.Kd1 Ba5 29.Kc2 Nd7 30.Rf1 Nf8
31.Nfd1 Ng6 32.Bf2 Bd7 33.Nb2 Kg7 34.Rh1 Rah8 35.Rag1 Ng8 36.Rxh7+ Rxh7 37.Qd1 Qd8
38.Na2 Nf6 39.Rh1 Qh8 40.Rxh7+ Qxh7 41.Nc1 Qh3 42.Nb3 Bd8 43.Nd2 Nh4 44.Nd3 Ng6
45.Qg1 Ba5 46.Bf1 Qh8 47.Nb3 Bb6 48.Nd2 a6 49.Nb2 Qc8 50.Be2 Ba5 51.Nb3 Bd8
52.a4 Bxg4 53.fxg4 Nxe4 54.Bf3 Nxf2 55.Qxf2 e4 56.Bxe4 Qxg4 57.Nd3 Nh4 58.Nd2 Nf5
59.Bxf5 Qxf5 60.Qf3 Bf6 61.Ne4 Kg6 62.Nef2 Bd4 63.Ng4 axb5 64.axb5 Bg7 65.Kd2 Kf7
66.Ke2 Qh7 67.Kf1 Bd4 68.Kg2 Ke7 69.Ndf2 Bxf2 70.Nxf2 Kd8 71.Qg4 Qg6 72.b6  1-0

[Event "Caissa IM Nov 2013"]
[Site "Kecskemet HUN"]
[Date "2013.11.20"]
[Round "5.2"]
[White "Orso,M"]
[Black "Sean,W"]
[Result "0-1"]
[WhiteElo "2328"]
[BlackElo "2317"]

1.d4 Nf6 2.Nf3 g6 3.c4 Bg7 4.Nc3 d6 5.e4 O-O 6.Be2 e5 7.O-O Nc6 8.d5 Ne7
9.Nd2 Nd7 10.b4 f5 11.f3 f4 12.Ba3 g5 13.c5 Nf6 14.cxd6 cxd6 15.b5 h5 16.Nc4 Ne8
17.b6 a6 18.Kh1 Rf7 19.h3 Bf8 20.Qe1 Ng6 21.Nd1 Rg7 22.Nf2 Nh8 23.Rg1 Qf6
24.g4 fxg3 25.Rxg3 Ng6 26.Bc1 Nf4 27.Ne3 Qd8 28.Rb1 Nf6 29.a4 h4 30.Rg4 N6h5
31.Bd1 Ng3+ 32.Kh2 Bd7 33.a5 Rc8 34.Bd2 Be7 35.Rc1 Rf7 36.Rxc8 Qxc8 37.Bb4 Qc1
38.Nf5 Nxf5 39.exf5 Bxf5 40.Ba4 Qxe1 41.Bxe1 Bxg4 42.hxg4 Rf8 43.Bc6 bxc6
44.dxc6 d5 45.b7 Ne6 46.Nd3 e4 47.fxe4 dxe4 48.Nf2 Bd6+  0-1

[Event "Chennai GM Open 2013"]
[Site "Chennai IND"]
[Date "2013.11.21"]
[Round "9.1"]
[White "Mozharov,M"]
[Black "Vishnu,P"]
[Result "1/2-1/2"]
[WhiteElo "2508"]
[BlackElo "2505"]

1.Nf3 Nf6 2.c4 g6 3.Nc3 Bg7 4.d4 O-O 5.e4 d6 6.Be2 e5 7.O-O Nc6 8.d5 Ne7
9.Ne1 Nd7 10.Be3 f5 11.f3 f4 12.Bf2 g5 13.g4 h5 14.h3 Rf6 15.Nd3 Rh6 16.Kg2 Ng6
17.Rh1 Nf6 18.c5 Nh4+ 19.Kg1 Bf8 20.Rc1 Qe7 21.cxd6 cxd6 22.Nb5 hxg4 23.hxg4 Qh7
24.Rxh4 Rxh4 25.Bxh4 gxh4 26.Nc7 Rb8 27.Ne6 h3 28.Kh2 Bd7 29.Qf1 Rc8 30.Rxc8 Bxc8
31.Qxh3 Qxh3+ 32.Kxh3 Be7 33.Nb4 Bd7 34.Nc2 Kf7 35.Na3 a6 36.Ng5+ Kg6 37.Ne6 Kf7
38.Ng5+ Kg6 39.Ne6  1/2-1/2

[Event "1st Srefidensi Masters 2013"]
[Site "Paramaribo SUR"]
[Date "2013.11.22"]
[Round "5.3"]
[White "Vilela de Acuna,J"]
[Black "L'Ami,Alina"]
[Result "0-1"]
[WhiteElo "2323"]
[BlackElo "2361"]

1.d4 Nf6 2.c4 g6 3.Nc3 Bg7 4.e4 d6 5.Be2 O-O 6.Nf3 e5 7.O-O Nc6 8.d5 Ne7
9.b4 Nh5 10.g3 f5 11.Ng5 Nf6 12.Bf3 c6 13.Bg2 h6 14.Ne6 Bxe6 15.dxe6 a6 16.Qb3 fxe4
17.Nxe4 Nxe4 18.Bxe4 Qc8 19.Rd1 Rd8 20.b5 axb5 21.cxb5 d5 22.Ba3 Qxe6 23.Bxe7 Qxe7
24.bxc6 bxc6 25.Bxg6 e4 26.Rab1 Rd6 27.Bh5 Qe5 28.Be2 Rf8 29.f4 Qf5 30.a4 Kh8
31.a5 d4 32.a6 d3 33.Bf1 Bd4+ 34.Kh1 Rg8 35.Qc4 Qd5 36.Qxd5 cxd5 37.Rb5 Rgd8
38.Ra5 Ba7 39.Kg2 Kg7 40.Ra2 Kf6 41.Rb1 Rc6 42.Rb7 Ra8 43.Kh3 d4 44.Bg2 Rc2
45.Ra1  0-1

[Event "British Rapidplay 2013"]
[Site "Leeds ENG"]
[Date "2013.11.23"]
[Round "6.2"]
[White "Hawkins,Jo"]
[Black "Palliser,R"]
[Result "1-0"]
[WhiteElo "2511"]
[BlackElo "2456"]

1.d4 Nf6 2.c4 g6 3.Nc3 Bg7 4.e4 d6 5.Nf3 O-O 6.Be2 e5 7.O-O Nc6 8.d5 Ne7
9.b4 a5 10.Ba3 axb4 11.Bxb4 b6 12.a4 Re8 13.Re1 Bd7 14.Qc2 Bg4 15.Nb5 Bf8
16.h3 Bd7 17.a5 c5 18.Nxd6 cxb4 19.Nxe8 Nxe8 20.axb6 Rxa1 21.Rxa1 Qxb6 22.c5 Qb8
23.Rb1 Qa7 24.Nxe5 Bg7 25.Nxd7 Qxd7 26.Rxb4 Be5 27.Qa4 Qd8 28.Rb7  1-0

[Event "1st Srefidensi Masters 2013"]
[Site "Paramaribo SUR"]
[Date "2013.11.23"]
[Round "6.3"]
[White "L'Ami,Alina"]
[Black "Sriram,J"]
[Result "1/2-1/2"]
[WhiteElo "2361"]
[BlackElo "2432"]

1.d4 Nf6 2.c4 g6 3.Nc3 Bg7 4.e4 d6 5.Nf3 O-O 6.Be2 e5 7.O-O Nc6 8.d5 Ne7
9.b4 Nh5 10.Re1 f5 11.Ng5 Nf6 12.Bf3 c6 13.b5 cxd5 14.cxd5 h6 15.Ne6 Bxe6
16.dxe6 fxe4 17.Nxe4 Nxe4 18.Bxe4 d5 19.Ba3 dxe4 20.Qxd8 Rfxd8 21.Bxe7 Re8
22.Bc5 Rxe6 23.Rxe4 a6 24.bxa6 Rexa6 25.a3 Bf8 26.Bxf8 Kxf8 27.Rxe5 Rxa3
28.Rxa3 Rxa3 29.g3  1/2-1/2

[Event "TCh-SWE Elitserien 2013-14"]
[Site "Sweden SWE"]
[Date "2013.11.23"]
[Round "2.4"]
[White "Degerman,L"]
[Black "Ziegler,A"]
[Result "1-0"]
[WhiteElo "2472"]
[BlackElo "2326"]

1.d4 Nf6 2.Nf3 g6 3.c4 Bg7 4.Nc3 d6 5.e4 O-O 6.Be2 e5 7.O-O Nc6 8.d5 Ne7
9.Bg5 Nh5 10.Ne1 Nf4 11.Nd3 Nxe2+ 12.Qxe2 h6 13.Bd2 f5 14.f4 exf4 15.Nxf4 g5
16.Nh5 Bd4+ 17.Kh1 f4 18.g3 Bh3 19.gxf4 Bxf1 20.Rxf1 Qd7 21.e5 Qh3 22.Nf6+ Kh8
23.Rf3 Qf5 24.fxg5 Qxe5 25.Qd3 Rf7 26.Bf4 Qe1+ 27.Rf1 Bxc3 28.Rxe1 Bxe1 29.Qe2 Ng8
30.Qxe1 hxg5 31.Nxg8 Rxf4 32.Ne7 Kg7 33.Qe6 Rf6 34.Qg4 Raf8 35.Qxg5+ Kh7
36.Qh4+ Kg7 37.Qg5+ Kh7 38.h4 a5 39.a4 Rf1+ 40.Kg2 R1f2+ 41.Kg3 R2f3+ 42.Kg4 R3f6
43.Kh5 c6 44.Ng6  1-0

[Event "TCh-CZE Zapad 2013-14"]
[Site "Prague CZE"]
[Date "2013.11.24"]
[Round "3.7"]
[White "Jelinek,Michal"]
[Black "Folk,P"]
[Result "1-0"]
[WhiteElo "1849"]
[BlackElo "2229"]

1.d4 Nf6 2.c4 g6 3.Nc3 Bg7 4.e4 d6 5.Nf3 O-O 6.Be2 e5 7.O-O Nc6 8.d5 Ne7
9.Ne1 Nd7 10.Nd3 f5 11.Bd2 Nf6 12.f3 f4 13.Rc1 g5 14.c5 Ng6 15.Nb5 Rf7 16.Ba5 b6
17.cxd6 bxa5 18.dxc7 Qf8 19.Qd2 g4 20.Nc5 Bd7 21.d6 a6 22.Na3 g3 23.Bc4 gxh2+
24.Kxh2 Kh8 25.Rfd1 Ng4+ 26.fxg4 f3 27.Bxf7 Bh6 28.g5 Nf4 29.Nxd7  1-0

[Event "XXVII Belgrade Trophy"]
[Site "Obrenovac SRB"]
[Date "2013.11.25"]
[Round "2.3"]
[White "Gleizerov,E"]
[Black "Veleski,R"]
[Result "1-0"]
[WhiteElo "2548"]
[BlackElo "2242"]

1.d4 Nf6 2.c4 g6 3.Nc3 Bg7 4.e4 d6 5.Nf3 O-O 6.Be2 e5 7.O-O Nc6 8.d5 Ne7
9.Nd2 c5 10.dxc6 bxc6 11.Nb3 a5 12.a4 Qc7 13.f4 Nd7 14.f5 d5 15.cxd5 cxd5
16.Bg5 Qa7+ 17.Kh1 f6 18.Nxd5 Nxd5 19.Qxd5+ Kh8 20.Bd2 gxf5 21.Nxa5 fxe4
22.Qxe4 f5 23.Qc2 Nf6 24.Nc6 Qc7 25.Nd4 Qxc2 26.Nxc2 Be6 27.a5 Rfb8 28.b4 Ne4
29.Be1 Rc8 30.Ne3 Nc3 31.Bxc3 Rxc3 32.Nxf5 Bxf5 33.Rxf5 e4 34.Ra2 Rc1+ 35.Rf1 Rxf1+
36.Bxf1 Bc3 37.a6 Bxb4 38.Ra4 Bc5 39.Rxe4 Rf8 40.Be2 Rb8 41.g3 Kg7 42.Rc4 Rb1+
43.Kg2 Bb6 44.Rc6 Bd4 45.Rc7+ Kh6 46.Rxh7+  1-0

[Event "XXVII Belgrade Trophy"]
[Site "Obrenovac SRB"]
[Date "2013.11.26"]
[Round "3.35"]
[White "Andric,S"]
[Black "Sorgic,D"]
[Result "1/2-1/2"]
[WhiteElo "1977"]
[BlackElo "2274"]

1.d4 Nf6 2.c4 g6 3.Nc3 Bg7 4.e4 d6 5.Nf3 O-O 6.Be2 e5 7.O-O Nc6 8.d5 Ne7
9.Ne1 Ne8 10.Be3 f5 11.f3 f4 12.Bf2 h5 13.c5 g5 14.h3 Rf6 15.Rc1 Rg6 16.Nb5 a6
17.cxd6 axb5 18.dxe7 Qxe7 19.a3 g4 20.hxg4 hxg4 21.fxg4 Bd7 22.Rc3 Qg5 23.Nf3 Qd8
24.Bh4 Qc8 25.Nh2 Bf8 26.g5 b4 27.axb4 Bxb4 28.Rc1 Be7 29.Ng4 Bd6 30.Nh6+ Kh7
31.Bh5 Ra4 32.Bxg6+ Kxg6 33.Qe2 Ng7 34.Qc2 Nh5 35.Nf5 Qf8 36.Nxd6 cxd6 37.Qe2 Rb4
38.Rfe1 Qd8 39.Rc3 Qb6+ 40.Bf2 Qd8 41.Qd2 Rb5 42.Bh4 Qb6+ 43.Bf2  1/2-1/2

[Event "14th Puhajarve Rapid"]
[Site "Puhajarve EST"]
[Date "2013.11.30"]
[Round "12.3"]
[White "Nyback,T"]
[Black "Vorobjov,P"]
[Result "1-0"]
[WhiteElo "2586"]
[BlackElo "2207"]

1.d4 Nf6 2.c4 g6 3.Nc3 Bg7 4.e4 d6 5.Nf3 O-O 6.Be2 e5 7.O-O Nc6 8.d5 Ne7
9.b4 a5 10.Ba3 axb4 11.Bxb4 Nd7 12.a4 Nc5 13.a5 Bd7 14.Nd2 f5 15.Bxc5 dxc5
16.Nb3 b6 17.d6 Nc6 18.dxc7 Qxc7 19.Nd5 Qd6 20.Nxb6 Nd4 21.Nxa8 Rxa8 22.Nxd4 exd4
23.Bf3 Ra6 24.exf5 Bxf5 25.Bd5+ Kh8 26.Re1 h5 27.Re8+ Kh7 28.Bg8+ Kh6 29.Qd2+ g5
30.h4 Bf6 31.Rae1 Qf4 32.hxg5+ Bxg5 33.Qxf4 Bxf4 34.Rf8 Kg5 35.g3 Bd6 36.Rd8 d3
37.Bd5 Bc7 38.Rg8+ Kf6 39.Rf8+ Kg6 40.Bf3 Rxa5 41.Bxh5+ Kg5 42.Kg2 Ra2 43.Bf3 d2
44.Rh1 Bg6 45.Rg8 Kf6 46.Rh6 Ke5 47.Rhxg6 Kd4 48.R8g7 Ba5 49.Rd7+ Kc3 50.Rg5 Bb4
51.Rgd5 Kc2 52.g4 Ra6 53.g5 Rg6 54.Be4+  1-0

[Event "14th Puhajarve Rapid"]
[Site "Puhajarve EST"]
[Date "2013.11.30"]
[Round "24.4"]
[White "Nyback,T"]
[Black "Reizniece,D"]
[Result "1-0"]
[WhiteElo "2586"]
[BlackElo "2283"]

1.d4 Nf6 2.c4 g6 3.Nc3 Bg7 4.e4 d6 5.Nf3 O-O 6.Be2 e5 7.O-O Nc6 8.d5 Ne7
9.b4 Ne8 10.c5 f5 11.Ng5 h6 12.Ne6 Bxe6 13.dxe6 fxe4 14.cxd6 cxd6 15.Nxe4 b6
16.b5 d5 17.Ba3 Nc7 18.Rc1 Nxe6 19.Bxe7 Qxe7 20.Qxd5 Kh7 21.Bc4 Nd4 22.Qd6 Qxd6
23.Nxd6 Rad8 24.Ne4 Rc8 25.g3 Rc7 26.Bg8+ Kxg8 27.Rxc7 Nxb5 28.Rd7 Rc8 29.Nd6 Nxd6
30.Rxd6 g5 31.Rfd1 Rc2 32.R1d2 Rc1+ 33.Kg2 Bf8 34.Rd7 a5 35.Rb7 Rc6 36.Rd8 Rf6
37.Re8 Rf7 38.Rxf7 Kxf7 39.Rxe5 Bc5 40.Rd5 Kg7 41.a4 Kf7 42.f4 Ke6 43.Rd8 gxf4
44.gxf4 Kf6 45.Kf3 Kg6 46.Rc8 Kf6 47.Rc6+ Kg7 48.f5 Bd4 49.Rg6+ Kh7 50.h3 Bc5
51.Kg4 Bd4 52.Kh5 Be3 53.Re6  1-0

[Event "TCh-AUT 2nd West 2013-14"]
[Site "Austria AUT"]
[Date "2013.12.01"]
[Round "5.4"]
[White "Hecht,HJ"]
[Black "Scheffknecht,P"]
[Result "0-1"]
[WhiteElo "2349"]
[BlackElo "2094"]

1.d4 Nf6 2.c4 g6 3.Nc3 Bg7 4.e4 d6 5.Nf3 O-O 6.Be2 e5 7.O-O Nc6 8.d5 Ne7
9.Ne1 Nd7 10.Nd3 f5 11.Bd2 Kh8 12.Rc1 Nf6 13.f3 h5 14.c5 f4 15.Nb5 Ne8 16.a4 g5
17.a5 a6 18.cxd6 cxd6 19.Na3 Bd7 20.Nc4 Nc8 21.Be1 Rg8 22.Bf2 Qe7 23.Kh1 Bf6
24.Qb3 Rb8 25.Nb6 Nxb6 26.Bxb6 g4 27.Ba7 Rd8 28.Qxb7 Bh4 29.Bb6 Qg7 30.Bxd8 Bxd8
31.Qxa6 g3 32.Rc8 Bh3 33.Ne1 h4 34.Rxd8 Bxg2+ 35.Nxg2 h3 36.Rg1 gxh2 37.Bf1 hxg1=Q+
38.Kxg1 hxg2 39.Rxe8 gxf1=Q+ 40.Kxf1 Qg1+ 41.Ke2 Qe3+ 42.Kd1 Qxf3+ 43.Kc1 Qe3+
44.Kd1 Qd4+  0-1

[Event "9th Ugra Governor's Cup"]
[Site "Khanty-Mansiysk RUS"]
[Date "2013.12.01"]
[Round "4.13"]
[White "Volkov,Sergey1"]
[Black "Matinian,N"]
[Result "1-0"]
[WhiteElo "2615"]
[BlackElo "2481"]

1.d4 d6 2.Nf3 g6 3.c4 Bg7 4.Nc3 Nf6 5.e4 O-O 6.Be2 e5 7.O-O Nc6 8.Be3 Ng4
9.Bg5 f6 10.Bc1 f5 11.d5 Ne7 12.Ng5 Nf6 13.exf5 Nxf5 14.Nge4 Nxe4 15.Nxe4 h6
16.Bg4 Qe7 17.Bd2 Bd7 18.a4 a5 19.Ra3 b6 20.Re1 Rf7 21.Bh3 Raf8 22.b4 axb4
23.Bxb4 Nd4 24.Bxd7 Qxd7 25.a5 bxa5 26.Rxa5 Rb8 27.Bc3 g5 28.c5 dxc5 29.Rxc5 Rb5
30.Rxb5 Qxb5 31.d6 Qd5 32.dxc7 Rxc7 33.h3 Qb3 34.Qd2 Qc4 35.Qb2 Qc6 36.Kh2 Rc8
37.Qa2+ Qc4 38.Qb2 Qc6 39.f3 Ra8 40.Rc1 Qd5 41.Qb6 Qf7 42.Bd2 Qe6 43.Qb7 Rf8
44.Rc7 Rf7 45.Qb8+ Rf8 46.Qb7 Rf7 47.Qa8+ Rf8 48.Qa4 Rc8 49.Rb7 Rf8 50.Qa7 Rf7
51.Rb8+ Kh7 52.Qa8 Qc6 53.Qa2 Qe6 54.Qb1 Qf5 55.Be3 Rf8 56.Rxf8 Bxf8 57.Bxd4 exd4
58.Nxg5+ Kg6 59.Ne4 Qf4+ 60.Kh1 Qe3 61.Nf2+ Kg7 62.Nd3 Be7 63.Qb5 Bd6 64.Qd7+ Kh8
65.Qc8+ Kg7 66.Qg4+ Kf7 67.Qf5+ Kg7 68.f4 Qd2 69.Qe4 Qc3 70.h4 h5 71.Kh2 Kf8
72.Kg3 Be7 73.Qg6 Qd2 74.Qf5+ Kg7 75.Qe4 Bf6 76.f5 Qd1 77.Qb7+ Kh6 78.Qe4 Qh1
79.Nf2 Qf1 80.Kf3 Kg7 81.g3 Qb5 82.Kg2 Qc4 83.Qf3 Kh6 84.Qe4 Kg7 85.Qd3 Qc5
86.Qf3 Kh6 87.Kh3 Qc1 88.Nd3 Qb1 89.Kg2 Qc2+ 90.Kf1 Qb1+ 91.Kf2 Qa2+ 92.Qe2 Qb1
93.Qe8 Qc2+ 94.Kg1 Qd1+ 95.Kg2 Qg4 96.Qe6 Kg7 97.Nf2  1-0

[Event "IV JAHV McGregor 2013"]
[Site "Bogota COL"]
[Date "2013.12.04"]
[Round "1.22"]
[White "Oliva,K"]
[Black "Agudelo,A"]
[Result "1-0"]
[WhiteElo "2427"]
[BlackElo "2224"]

1.Nf3 Nf6 2.c4 g6 3.Nc3 Bg7 4.e4 d6 5.d4 O-O 6.Be2 e5 7.O-O Nc6 8.d5 Ne7
9.Ne1 Ne8 10.Be3 f5 11.f3 f4 12.Bf2 g5 13.c5 Rf7 14.a4 Bf8 15.cxd6 cxd6 16.a5 Bd7
17.Bb5 Ng6 18.Bxd7 Qxd7 19.Qa4 Nf6 20.Qxd7 Rxd7 21.Nd3 g4 22.Rfc1 a6 23.Na4 Rg7
24.Kf1 h5 25.Ra3 h4 26.h3 gxh3 27.gxh3 Nh5 28.Rac3 Ng3+ 29.Ke1 Nh8 30.Bb6 Nf7
31.Nf2 Ng5 32.b4 Re8 33.Nb2 Be7 34.Nc4 Rc8 35.Nd2 Rxc3 36.Rxc3 Rf7 37.Rc8+ Kg7
38.Kd1 Bf8 39.Bc7 Rd7 40.Bb8 Be7 41.Nc4 Kf7 42.Nb6 Rd8 43.Rxd8 Bxd8 44.Nc8 Nxf3
45.Nxd6+ Ke7 46.Nxb7  1-0

[Event "IV JAHV McGregor 2013"]
[Site "Bogota COL"]
[Date "2013.12.05"]
[Round "2.4"]
[White "Vocaturo,D"]
[Black "Arenas,D"]
[Result "1/2-1/2"]
[WhiteElo "2579"]
[BlackElo "2446"]

1.d4 Nf6 2.Nf3 g6 3.c4 Bg7 4.Nc3 O-O 5.e4 d6 6.Be2 e5 7.O-O Nc6 8.dxe5 dxe5
9.Bg5 Qxd1 10.Rfxd1 Bg4 11.h3 Bxf3 12.Bxf3 Nd4 13.Nd5 Nxd5 14.cxd5 f6 15.Bd2 Rf7
16.Rac1 f5 17.Kf1 Bf8 18.Be3 Nxf3 19.gxf3 Bd6 20.Rd3 Kf8 21.Rb3 b6 22.Ke2 Ke7
23.Rbc3 Kd7 24.h4 Rg8 25.Rg1 f4 26.Bd2 Rfg7 27.Rc6 g5 28.hxg5 Rxg5 29.Rh1 h5
30.a3 a5 31.b4 a4 32.Rcc1 b5 33.Bc3 Ke7 34.Bb2 Rb8 35.Rh2 Kf7 36.Rch1 Kg6
37.Rc1 Kf7 38.Ba1 Rbg8 39.Rhh1 Rb8 40.Bb2 Rbg8 41.Kf1 Rb8 42.Rg1 Rbg8 43.Rh1 Rb8
44.Rh2 Rbg8 45.Ke2 Rb8 46.Rhh1 Rbg8 47.Rc6 Ra8 48.Kf1 Kf6 49.Ke2 Kf7 50.Rhc1 Ra7
51.Rh1 Ra8 52.Rhc1 Ra7 53.Rh1  1/2-1/2

[Event "34th El Corte Ingles"]
[Site "Las Palmas ESP"]
[Date "2013.12.05"]
[Round "4.15"]
[White "Manchon Santana,Alberto"]
[Black "Martinez Molina,J"]
[Result "1-0"]
[WhiteElo "1623"]
[BlackElo "1861"]

1.d4 Nf6 2.c4 g6 3.Nc3 Bg7 4.e4 O-O 5.Nf3 d6 6.Be2 e5 7.O-O Nc6 8.d5 Ne7
9.b4 Nh5 10.Re1 Nf4 11.Bf1 h6 12.a4 g5 13.Nd2 f5 14.g3 Nfg6 15.c5 a6 16.Ba3 f4
17.b5 Rf6 18.Nc4 dxc5 19.Bxc5 b6 20.d6 bxc5 21.dxe7 Qe8 22.Nd5 Bb7 23.Nxf6+ Bxf6
24.Na5  1-0

[Event "34th El Corte Ingles"]
[Site "Las Palmas ESP"]
[Date "2013.12.06"]
[Round "6.9"]
[White "Manchon Santana,Alberto"]
[Black "Cruz Pino,A"]
[Result "0-1"]
[WhiteElo "1623"]
[BlackElo "1995"]

1.d4 Nf6 2.c4 g6 3.Nc3 Bg7 4.e4 O-O 5.Nf3 d6 6.Be2 e5 7.O-O Nc6 8.d5 Ne7
9.Kh1 Ne8 10.Ne1 f5 11.exf5 Nxf5 12.Ne4 h6 13.b4 Qh4 14.Bf3 Nd4 15.g3 Qe7
16.Bg4 Bf5 17.Nc3 Qd7 18.Bxf5 Qxf5 19.f4 Qh3 20.Nd3 Nf6 21.Nf2 Qh5 22.fxe5 Ng4
23.Nxg4 Rxf1+ 24.Qxf1 Qxg4 25.Qf4 Qh3 26.Bb2 Bxe5 27.Qe4 Nf5 28.Rg1 Rf8 29.Nd1 Nxg3+
30.Rxg3 Rf1+ 31.Rg1 Qxh2+  0-1

[Event "IV JAHV McGregor 2013"]
[Site "Bogota COL"]
[Date "2013.12.07"]
[Round "6.29"]
[White "Gomez Ledo,R"]
[Black "Bobadilla,Jorge"]
[Result "1-0"]
[WhiteElo "2424"]
[BlackElo "2040"]

1.d4 Nf6 2.c4 g6 3.Nc3 Bg7 4.e4 d6 5.Nf3 O-O 6.Be2 e5 7.O-O Nc6 8.d5 Ne7
9.b4 Ne8 10.a4 h6 11.Ba3 f5 12.Nd2 g5 13.c5 Ng6 14.b5 Nf4 15.a5 Rf7 16.Nc4 Bf8
17.b6 g4 18.bxc7 Qg5 19.cxd6 Nxe2+ 20.Nxe2 f4 21.Qd2 Qh5 22.d7 Bxd7 23.Bxf8 Kxf8
24.Rab1 Bc8 25.d6 Rd7 26.Rb5 Nxc7 27.Rxe5 Qg6 28.Nxf4 Qg8 29.Qd4 Rd8 30.Re7 Ne8
31.Ne5  1-0

[Event "IV JAHV McGregor 2013"]
[Site "Bogota COL"]
[Date "2013.12.08"]
[Round "9.54"]
[White "Lizarazo,J"]
[Black "Barrios,Felipe"]
[Result "1-0"]
[WhiteElo "2120"]
[BlackElo "1948"]

1.d4 Nf6 2.c4 g6 3.Nf3 Bg7 4.Nc3 d6 5.e4 O-O 6.Be2 e5 7.O-O Nc6 8.d5 Ne7
9.Bg5 h6 10.Bxf6 Bxf6 11.b4 b6 12.c5 Bg7 13.Nd2 f5 14.f3 f4 15.Nc4 Rf6 16.Qb3 Kh7
17.Rac1 g5 18.Rc2 Rg6 19.Rfc1 g4 20.Nb5 Ng8 21.cxd6 cxd6 22.Nbxd6 gxf3 23.Bxf3 Bg4
24.Nf5 Qg5 25.Ncd6 Rf8 26.Kh1 Bxf5 27.Nxf5 Rxf5 28.exf5 Qxf5 29.Rc6 Nf6 30.Qc2 e4
31.Rxf6  1-0

[Event "FSGM December 2013"]
[Site "Budapest HUN"]
[Date "2013.12.08"]
[Round "2.1"]
[White "Farago,I"]
[Black "Hujbert,F"]
[Result "1/2-1/2"]
[WhiteElo "2476"]
[BlackElo "2454"]

1.d4 Nf6 2.c4 g6 3.Nc3 Bg7 4.e4 d6 5.Be2 O-O 6.Nf3 e5 7.O-O Nc6 8.d5 Ne7
9.b4 Ne8 10.a4 f5 11.a5 Nf6 12.Bg5 Nxe4 13.Nxe4 fxe4 14.Nd2 h6 15.Bxe7 Qxe7
16.Nxe4 Bf5 17.Bd3 h5 18.Qd2 Rf7 19.a6 b6 20.Rae1 Qf8 21.Nc3 Bh6  1/2-1/2

[Event "TCh-AUT 1st Bundesliga 2013-14"]
[Site "Jenbach AUT"]
[Date "2013.12.08"]
[Round "3.3"]
[White "Buhmann,R"]
[Black "Bromberger,S"]
[Result "1-0"]
[WhiteElo "2569"]
[BlackElo "2500"]

1.d4 Nf6 2.c4 g6 3.Nc3 Bg7 4.e4 d6 5.Nf3 O-O 6.Be2 e5 7.O-O Nc6 8.d5 Ne7
9.b4 Nh5 10.Re1 f5 11.Ng5 Nf6 12.Bf3 c6 13.dxc6 bxc6 14.exf5 gxf5 15.b5 e4
16.Be2 c5 17.a4 h6 18.Nh3 Be6 19.Ra3 Bf7 20.Nf4 d5 21.cxd5 Nfxd5 22.Ncxd5 Nxd5
23.Qc2 Nb4 24.Qxc5 Qd4 25.Qxd4 Bxd4 26.Rg3+ Kh7 27.Rd1 Rfd8 28.Rxd4 Rxd4
29.Bb2 Rad8 30.h4 Nc2 31.Bh5 Bxh5 32.Nxh5 f4 33.Rg7+ Kh8 34.Rxa7  1-0

[Event "5th Penang Open 2013"]
[Site "George Town MAS"]
[Date "2013.12.09"]
[Round "1.8"]
[White "Angela,Natasha Renggalis"]
[Black "Chiong,L"]
[Result "1-0"]
[WhiteElo "1788"]
[BlackElo "2306"]

1.d4 Nf6 2.c4 g6 3.Nc3 Bg7 4.e4 d6 5.Nf3 O-O 6.Be2 e5 7.O-O Nc6 8.d5 Ne7
9.b4 a5 10.Ba3 b6 11.bxa5 Ne8 12.Qb3 Rxa5 13.Bb4 Ra8 14.a4 c5 15.dxc6 Nxc6
16.Rad1 Bg4 17.Nb5 Bxf3 18.Bxf3 Nxb4 19.Qxb4 Bf6 20.Nxd6 Be7 21.Nxf7 Qc7
22.Nh6+ Kg7 23.Qd2 Rxa4 24.Ng4 Rxc4 25.Qh6+ Kg8 26.Ne3 Rd4 27.Nd5 Qd8 28.Rb1 Bc5
29.Ra1 Rf7 30.Bg4 Bf8 31.Qh3 Ng7 32.Be6 Nxe6 33.Qxe6 Qd6 34.Nf6+  1-0